000
00303nam a2200121 a 4500
008
100910s1973|||| d
245
1
0
_a
Pomsta Sidónie Rislerovej
100
1
_a
Daudet, Alphonse
260
_c
1973
_a
Bratislava
_b
Slovenský spisovateľ
020
_c
18
044
_a
xo
_c
SK
041
_a
slo
999
_c
10263
_d
10263